000 00571nam a2200217Ia 4500
003 OSt
005 20220928144843.0
006 a|||||r|||| 00| 0
007 ta
008 220927b |||||||| |||| 00| 0 eng d
024 _a76428
037 _cTextual
040 _aSDCL
_cSDCL
_beng
041 _2eng
_aeng
082 _aB28p1,N83, M4
100 _aDe Oliveira J Tiago Ed.
_9509971
245 0 _aStatistical extremes and applications.
260 _c1984
942 _hB28p1,N83, M4
_cTEXL
_2CC
999 _c829971
_d829971